00804nam a2200277Ia 4500008004000000020001500040041000800055082001600063100001800079245005900097260002800156300001300184650001100197650001200208650001500220650001200235650000700247650001100254650001100265650000800276690001800284700002100302906001100323999001900334952017300353210210b2004 xxu||||| |||| 00| 0 eng d a184277459X aeng a305.42 KERF aKERR (Joanna) aFuture of womens rights: global visions and strategies aLondonbZed booksc2004 aviii,224 awomens avisions astrategies arights: aof aglobal aFuture aand aWomen Studies aSPRENGER (Ellen) a071355 c120862d120862 001040708Political ScienceaALbALcSociologyd2021-02-17eBiblios Book Point, Surathkal-575014g2786.33l0o305.42 KERFp071355r2021-02-17 00:00:00w2021-02-17yBK